[Event "It (open)"]
[Site "masterchessopen.com Groningen (Netherlands)"]
[Round "0"]
[White "Krudde Fitzgerald (NED)"]
[Black "Witkowski Stefan (POL)"]
[Result "1-0"]
[WhiteElo "2298"]
[BlackElo "2178"]

1.d4 Nf6 2.c4 g6 3.Nc3 d5 4.Nf3 Bg7 5.Bg5 dxc4 6.e3 Be6 7.Bxf6 Bxf6 8.Ne4 c6
9.Nc5 Bc8 10.Bxc4 O-O 11.O-O Nd7 12.Nd3 b6 13.e4 e6 14.Qd2 Bb7 15.Qf4 Qb8
16.e5 Bg7 17.Rad1 c5 18.Bb5 Rd8 19.Ng5 f6 20.Nxe6 fxe5 21.dxe5 a6 22.Nxd8 Qxd8
23.Bxd7 Qxd7 24.Nxc5 Qc7 25.Rd7 {#r} 1-0

[Event "It (cat.10)"]
[Site "masterchessopen.com Marseilles (France)"]
[Round "0"]
[White "Andruet Gilles (FRA)"]
[Black "Kouatly Bachar (FRA)"]
[Result "0-1"]
[WhiteElo "2430"]
[BlackElo "2450"]

1.d4 Nf6 2.c4 g6 3.Nc3 d5 4.Nf3 Bg7 5.Bg5 dxc4 6.e4 c5 7.d5 b5 8.d6 Bb7 9.e5
Ne4 10.Nxe4 Bxe4 11.Bxe7 Qa5+ 12.Qd2 Qxd2+ 13.Nxd2 Bd5 14.f4 Nc6 15.a4 Nxe7
16.dxe7 a6 17.axb5 axb5 18.Rxa8+ Bxa8 19.b3 Bh6 20.bxc4 b4 21.Nb3 Bxf4 22.Nxc5
Bxe5 23.Nd3 Bc3+ 24.Kf2 Kxe7 25.Be2 Rc8 26.Nc1 Bd4+ 27.Kg3 Be4 {#R} 0-1

[Event "Cup Rilton"]
[Site "masterchessopen.com Stockholm (Sweden)"]
[Round "0"]
[White "Akesson Ralf (SWE)"]
[Black "Sokolov Ivan (NED)"]
[Result "0-1"]
[WhiteElo "2421"]
[BlackElo "2570"]

1.d4 Nf6 2.c4 g6 3.Nc3 d5 4.Nf3 Bg7 5.Bg5 dxc4 6.e3 Be6 7.Ne5 Nd5 8.Nxc4 c5
9.Ne4 cxd4 10.Ned6+ Kf8 11.Nxb7 Qc7 12.Nca5 Qe5 13.Bh4 dxe3 14.Be2 Qxb2 15.Nb3
Nc6 16.O-O Nc3 {#R} 0-1

[Event "Cup Tungsram"]
[Site "masterchessopen.com Nagykanizsa (Hungary)"]
[Round "11"]
[White "Rezsek Gyozo (HUN)"]
[Black "Peric Slavisa (SRB)"]
[Result "0-1"]
[WhiteElo "2038"]
[BlackElo "2205"]

1.d4 Nf6 2.c4 g6 3.Nc3 d5 4.Nf3 Bg7 5.Bg5 Ne4 6.Bh4 Nxc3 7.bxc3 c5 8.cxd5 Qxd5
9.e3 cxd4 10.cxd4 Nc6 11.Be2 e5 12.dxe5 Qa5+ 13.Qd2 Qxd2+ 14.Kxd2 O-O 15.Rac1
Bd7 16.Bb5 Rfc8 17.Ke2 Nxe5 18.Bxd7 Nxd7 19.Be7 Nb6 20.Rhd1 Rxc1 21.Rxc1 Nd5
22.Bc5 Rc8 23.Kd2 Bc3+ {#R} 0-1

[Event "Ch Germany (juniors) (under 20)"]
[Site "masterchessopen.com Bochum (Germany)"]
[Round "0"]
[White "Peters Carsten (GER)"]
[Black "Thimm Torsten (GER)"]
[Result "1-0"]
[WhiteElo "2310"]
[BlackElo "2139"]

1.d4 Nf6 2.c4 g6 3.Nc3 d5 4.Nf3 Bg7 5.Bg5 Ne4 6.cxd5 Nxg5 7.Nxg5 e6 8.Qd2 exd5
9.Qe3+ Kf8 10.Qf4 Bf6 11.h4 Kg7 12.O-O-O h6 13.Nf3 Be6 14.e4 dxe4 15.Nxe4 Bxa2
16.g4 Bd5 17.Bd3 Nd7 18.g5 hxg5 19.hxg5 Be7 20.Ne5 Nxe5 21.Qxe5+ f6 22.Nxf6
Bxf6 23.gxf6+ {#r} 1-0

[Event "It (2)"]
[Site "masterchessopen.com Budapest (Hungary)"]
[Round "0"]
[White "Van Der Sterren Paul (NED)"]
[Black "Groszpeter Attila (HUN)"]
[Result "1-0"]
[WhiteElo "2515"]
[BlackElo "2515"]

1.Nf3 Nf6 2.c4 g6 3.Nc3 d5 4.d4 Bg7 5.Bg5 Ne4 6.Bh4 Nxc3 7.bxc3 dxc4 8.Qa4+
Qd7 9.Qxc4 b6 10.e3 Ba6 11.Qb3 Bxf1 12.Kxf1 Nc6 13.Ke2 O-O 14.Rhd1 Rfc8
15.Rac1 Na5 16.Qb4 c5 17.dxc5 Qe6 18.cxb6 axb6 19.Kf1 Qxa2 20.Qxe7 Qc4+ 21.Kg1
Nb3 22.Rc2 b5 23.Bf6 Re8 24.Ra2 Rac8 25.Qd6 Re6 26.Qd8+ Rxd8 27.Rxd8+ Bf8
28.Ne5 Qe4 {#r} 1-0

[Event "Tournament FMDA (team)"]
[Site "masterchessopen.com Buenos Aires (Argentina)"]
[Round "5"]
[White "Cid Marino Alejandro (ARG)"]
[Black "Grushka Carlos (ARG)"]
[Result "1-0"]
[WhiteElo "2340"]
[BlackElo "2226"]

1.d4 Nf6 2.Nf3 g6 3.c4 Bg7 4.Nc3 d5 5.Bg5 dxc4 6.e3 Be6 7.Ne5 Nd5 8.Nxc4 c5
9.Nb5 O-O 10.e4 Nf6 11.d5 Bd7 12.Nc3 b5 13.e5 bxc4 14.exf6 exf6 15.Be3 Re8
16.Be2 Na6 17.O-O Rb8 18.Bxc4 Qa5 19.Qd2 Nc7 20.Bf4 Rbc8 21.Rfe1 Na8 22.Ne4
Qxd2 23.Bxd2 f5 24.Nc3 Nb6 25.Ba6 Rcd8 26.Red1 {#r} 1-0

[Event "It"]
[Site "masterchessopen.com Frunze (Kyrgyzstan)"]
[Round "0"]
[White "Zilberman Nathan R (KGZ)"]
[Black "Teske Henrik (GER)"]
[Result "1-0"]
[WhiteElo "2330"]
[BlackElo "2547"]

1.d4 Nf6 2.Nf3 g6 3.c4 Bg7 4.Nc3 d5 5.Bg5 c5 6.dxc5 Qa5 7.cxd5 Ne4 8.Bd2 Nxd2
9.Qxd2 Na6 10.e3 Nxc5 11.Bb5+ Bd7 12.Bxd7+ Kxd7 13.O-O Rhd8 14.Ne4 Qb6
15.Nxc5+ Qxc5 16.Rac1 Qb5 17.e4 Ke8 18.b3 a5 19.Qf4 Ra6 20.Rc7 a4 21.Qh4 Rd7
22.Rc8+ Rd8 23.Rxd8+ Kxd8 24.Qxh7 Bb2 25.Qxf7 axb3 26.axb3 Qxb3 27.Ng5 Rf6
{#r} 1-0

[Event "It (open)"]
[Site "masterchessopen.com Lugano (Switzerland)"]
[Round "0"]
[White "Hoi Carsten (DEN)"]
[Black "Hug Marcel (SUI)"]
[Result "1-0"]
[WhiteElo "2372"]
[BlackElo "2338"]

1.d4 Nf6 2.c4 g6 3.Nc3 d5 4.Nf3 Bg7 5.Bg5 Ne4 6.Bh4 Nxc3 7.bxc3 c5 8.cxd5 Qxd5
9.e3 Bg4 10.Be2 cxd4 11.cxd4 Nc6 12.O-O O-O 13.h3 Bf5 14.Qa4 Rfe8 15.Rac1 e5
16.dxe5 Nxe5 17.Rfd1 Qe4 18.Rd4 Nxf3+ 19.Bxf3 Qe6 20.Bd5 Rac8 21.Bxe6 {#r} 1-0

[Event "It (open)"]
[Site "masterchessopen.com Lugano (Switzerland)"]
[Round "4"]
[White "Kluss Kai (GER)"]
[Black "Pein Malcolm (ENG)"]
[Result "0-1"]
[WhiteElo "2150"]
[BlackElo "2385"]

1.d4 Nf6 2.c4 g6 3.Nc3 d5 4.Nf3 Bg7 5.Bg5 Ne4 6.cxd5 Nxg5 7.Nxg5 e6 8.Qd2 h6
9.Nf3 exd5 10.e3 O-O 11.Be2 Qd6 12.O-O c6 13.Ne1 Bf5 14.Nd3 Nd7 15.a3 a5
16.Na4 Ra7 17.Rac1 h5 18.Ndc5 Nf6 19.Nb6 h4 20.b4 axb4 21.axb4 Re8 22.Qb2 Qd8
23.Nca4 Ne4 24.Bd3 h3 25.Bxe4 Bxe4 26.g3 {#R} 0-1

[Event "Ch URS (club)"]
[Site "masterchessopen.com Simferopol (Ukraine)"]
[Round "0"]
[White "Fish Gennadij (GER)"]
[Black "Karasev Vladimir I (RUS)"]
[Result "1-0"]
[WhiteElo "2492"]
[BlackElo "2372"]

1.d4 Nf6 2.c4 g6 3.Nc3 d5 4.Nf3 Bg7 5.Bg5 Ne4 6.cxd5 Nxg5 7.Nxg5 e6 8.Nf3 exd5
9.e3 O-O 10.b4 Qd6 11.Qb3 Be6 12.Be2 Nc6 13.a3 f5 14.g3 a5 15.b5 Nd8 16.O-O
Nf7 17.Ne5 g5 18.Nd3 b6 19.Bf3 Rad8 20.Bg2 Kh8 21.Rac1 Rd7 22.f4 gxf4 23.Nxf4
Bh6 24.Rfe1 Bxf4 25.exf4 Nd8 26.Re5 c5 27.bxc6 Nxc6 28.Nb5 {#r} 1-0

[Event "Ch URS (club)"]
[Site "masterchessopen.com Simferopol (Ukraine)"]
[Round "0"]
[White "Raetsky Alexander (RUS)"]
[Black "Serebro Alexsandr (UKR)"]
[Result "0-1"]
[WhiteElo "2437"]
[BlackElo "2283"]

1.d4 Nf6 2.c4 g6 3.Nc3 d5 4.Nf3 Bg7 5.Bg5 dxc4 6.e4 c5 7.d5 b5 8.Bxf6 exf6
9.Nxb5 f5 10.e5 Qa5+ 11.Nc3 Qb4 12.Qa4+ Nd7 13.O-O-O O-O 14.Bxc4 Nb6 15.Qxb4
cxb4 16.Bb3 bxc3 17.bxc3 Ba6 18.Rhe1 Rac8 19.Nd4 Rxc3+ 20.Kb2 Rc5 21.Nc6 Bh6
22.g3 Nc4+ 23.Bxc4 Bxc4 24.Ka3 Re8 {#R} 0-1

[Event "Ch URS (club)"]
[Site "masterchessopen.com Simferopol (Ukraine)"]
[Round "0"]
[White "Safin Shukhrat (UZB)"]
[Black "Serebro Alexsandr (UKR)"]
[Result "0-1"]
[WhiteElo "2472"]
[BlackElo "2283"]

1.d4 Nf6 2.c4 g6 3.Nc3 d5 4.Nf3 Bg7 5.Bg5 dxc4 6.e3 Be6 7.Ne5 Nd5 8.Bxc4 Nxc3
9.bxc3 Bxc4 10.Nxc4 Qd5 11.Qf3 Qxc4 12.Qxb7 Nc6 13.Qxa8+ Kd7 14.Qb7 Rb8
15.Qxb8 Qxc3+ 16.Ke2 Qc4+ 17.Kf3 Qd5+ 18.Ke2 Nxb8 19.Bf4 Qb5+ 20.Kf3 Nc6
21.Rhc1 g5 22.Bg3 h5 23.h3 Nxd4+ {#R} 0-1

[Event "Ch Sweden"]
[Site "masterchessopen.com Stockholm (Sweden)"]
[Round "0"]
[White "Sjodahl Pontus (SWE)"]
[Black "Ernst Thomas (SWE)"]
[Result "0-1"]
[WhiteElo "2417"]
[BlackElo "2460"]

1.d4 Nf6 2.Nf3 g6 3.c4 Bg7 4.Nc3 d5 5.Bg5 Ne4 6.cxd5 Nxg5 7.Nxg5 e6 8.h4 exd5
9.e3 O-O 10.Bd3 c5 11.Nxh7 cxd4 12.exd4 Kxh7 13.h5 Kg8 14.hxg6 Qg5 15.Qe2 Nc6
16.Nxd5 Bg4 17.f3 Rae8 18.gxf7+ Kxf7 19.Be4 Nxd4 20.Qc4 b5 21.Qc7+ Kg8 22.Nc3
Nxf3+ 23.gxf3 Bxf3 24.Rh8+ Kxh8 {#R} 0-1

[Event "It (open)"]
[Site "masterchessopen.com Zurich (Switzerland)"]
[Round "0"]
[White "Komljenovic Davor (CRO)"]
[Black "Sutter Oliver (SUI)"]
[Result "1-0"]
[WhiteElo "2470"]
[BlackElo "2354"]

1.d4 Nf6 2.c4 g6 3.Nc3 d5 4.Nf3 Bg7 5.Bg5 Ne4 6.Bh4 Nxc3 7.bxc3 dxc4 8.e3 b5
9.a4 c6 10.Be2 O-O 11.O-O a6 12.Nd2 Ra7 13.Qc1 f5 14.Qa3 Qd6 15.Rfb1 Qxa3
16.Rxa3 Rd7 17.Nxc4 Kf7 18.Bg3 Rb7 19.Na5 {#r} 1-0

[Event "It"]
[Site "masterchessopen.com Belgorod (Russia)"]
[Round "0"]
[White "Zilberman Nathan R (KGZ)"]
[Black "Gusev Vladimir A (RUS)"]
[Result "1-0"]
[WhiteElo "2455"]
[BlackElo "2387"]

1.d4 Nf6 2.Nf3 g6 3.c4 Bg7 4.Nc3 d5 5.Bg5 c5 6.dxc5 Qa5 7.cxd5 Ne4 8.Bd2 Nxd2
9.Qxd2 Na6 10.e3 Nxc5 11.Bb5+ Bd7 12.Bxd7+ Nxd7 13.O-O Nc5 14.Rab1 Qa6 15.b4
Nd7 16.Ne4 O-O 17.Nc5 Nxc5 18.bxc5 Rfd8 19.e4 Rac8 20.Rfc1 Rc7 21.e5 Rcd7
22.d6 exd6 23.cxd6 Re8 24.Qd5 h6 25.Rc7 Rxc7 26.dxc7 Qe6 27.Qxe6 {#r} 1-0

[Event "Ch Yugoslavia (team)"]
[Site "masterchessopen.com Cetinje (Montenegro)"]
[Round "0"]
[White "Rajkovic Dusan (SRB)"]
[Black "Ilincic Zlatko (SRB)"]
[Result "1-0"]
[WhiteElo "2415"]
[BlackElo "2467"]

1.d4 Nf6 2.c4 g6 3.Nc3 d5 4.Nf3 Bg7 5.Bg5 Ne4 6.cxd5 Nxg5 7.Nxg5 e6 8.Qd2 exd5
9.Qe3+ Kf8 10.Qf4 Bf6 11.h4 h6 12.Nxd5 Bxg5 13.Qe5 Rg8 14.hxg5 Nc6 15.Qe4 Bf5
16.Qf3 Qxg5 17.Qe3 Rd8 18.f4 Nxd4 19.Kf2 Rxd5 20.fxg5 Nc2 {#r} 1-0

[Event "It (open)"]
[Site "masterchessopen.com Dornbirn (Austria)"]
[Round "0"]
[White "Knuth Hannes (GER)"]
[Black "Klocker Hartmut (AUT)"]
[Result "1-0"]
[WhiteElo "2333"]
[BlackElo "2184"]

1.d4 Nf6 2.c4 g6 3.Nc3 d5 4.Nf3 Bg7 5.Bg5 Ne4 6.cxd5 Nxg5 7.Nxg5 e6 8.Qd2 h6
9.Nh3 exd5 10.Nf4 O-O 11.e3 c5 12.dxc5 d4 13.exd4 Bxd4 14.O-O-O Nc6 15.Bc4 Qa5
16.Nxg6 Qxc5 17.Qxh6 Bg7 18.Qf4 Nd4 19.Rxd4 Bxd4 20.Nxf8 Qxc4 21.Rd1 {#r} 1-0

[Event "Bundesliga 1990/91 (2nd)"]
[Site "masterchessopen.com Germany"]
[Round "0"]
[White "Bachmayr Peter (GER)"]
[Black "Trettin Ulrich (GER)"]
[Result "1-0"]
[WhiteElo "2344"]
[BlackElo "2194"]

1.d4 Nf6 2.Nf3 g6 3.c4 Bg7 4.Nc3 d5 5.Bg5 dxc4 6.e4 c5 7.d5 O-O 8.Bxc4 b5
9.Bxb5 Nxe4 10.Nxe4 Qa5+ 11.Nc3 Bxc3+ 12.bxc3 Qxb5 13.Qb3 Qd3 14.c4 Qe4+
15.Be3 Bf5 16.O-O Nd7 17.Rac1 a5 18.Rfe1 Rfc8 19.Bg5 a4 20.Qa3 Qg4 21.Rxe7 Be4
22.h3 Qf5 23.Nd2 Bd3 24.g4 {#r} 1-0

[Event "Ch Hungary (open)"]
[Site "masterchessopen.com Gyor (Hungary)"]
[Round "0"]
[White "Halasz Tamas (HUN)"]
[Black "Bernat Marcin (POL)"]
[Result "1-0"]
[WhiteElo "2356"]
[BlackElo "2161"]

1.d4 Nf6 2.c4 g6 3.Nc3 d5 4.Nf3 Bg7 5.Bg5 c6 6.e3 O-O 7.Qb3 Qa5 8.Bd3 Nbd7
9.O-O Nb6 10.cxd5 cxd5 11.Rfc1 Be6 12.Ne5 Rac8 13.a4 Nc4 14.Bxc4 dxc4 15.Qxb7
Rb8 16.Nc6 Rxb7 17.Nxa5 Rxb2 18.Nb5 Ne4 19.Bxe7 Rc8 20.f3 Nf2 21.Ba3 Rd2
22.Bb4 Rd3 23.Kxf2 Bh6 24.f4 Bd5 25.Rd1 Rxe3 26.Kxe3 Re8+ 27.Kf2 Bxf4 28.Re1
{#r} 1-0

[Event "It (open)"]
[Site "masterchessopen.com Mar del Plata (Argentina)"]
[Round "0"]
[White "Amura Claudia N (ARG)"]
[Black "Mondaca Omar (ARG)"]
[Result "1-0"]
[WhiteElo "2328"]
[BlackElo "2176"]

1.d4 Nf6 2.c4 g6 3.Nc3 d5 4.Nf3 Bg7 5.Bg5 Ne4 6.cxd5 Nxg5 7.Nxg5 e6 8.Nf3 exd5
9.b4 c6 10.e3 Qd6 11.Qb3 O-O 12.Be2 Re8 13.O-O a6 14.a4 Nd7 15.b5 axb5 16.axb5
Rxa1 17.Rxa1 Nf6 18.bxc6 bxc6 19.Qb6 Bf8 20.Na4 Ne4 21.Ne5 f6 22.Qxc6 Qxc6
23.Nxc6 Bd7 24.Bb5 Nd6 25.Nb6 {#r} 1-0

[Event "It (open)"]
[Site "masterchessopen.com Metz (France)"]
[Round "7"]
[White "Ristic Nebojsa (SRB)"]
[Black "Krob Laurent (FRA)"]
[Result "1-0"]
[WhiteElo "2379"]
[BlackElo "2098"]

1.Nf3 Nf6 2.d4 g6 3.c4 Bg7 4.Nc3 d5 5.Bg5 Ne4 6.Bh4 Nxc3 7.bxc3 dxc4 8.e3 c5
9.Bxc4 Qa5 10.Qb3 e6 11.O-O cxd4 12.cxd4 Nc6 13.Rac1 O-O 14.Rfd1 Re8 15.d5
exd5 16.Bxd5 Qc7 17.Ng5 Rf8 18.Nxf7 Rxf7 19.Bd8 {#r} 1-0

[Event "It "]
[Site "masterchessopen.com Miskolc (Hungary)"]
[Round "1"]
[White "Halasz Tamas (HUN)"]
[Black "Luecke Norbert (GER)"]
[Result "0-1"]
[WhiteElo "2356"]
[BlackElo "2353"]

1.d4 Nf6 2.Nf3 g6 3.c4 Bg7 4.Nc3 d5 5.Bg5 dxc4 6.e4 c5 7.Bxc4 cxd4 8.Qxd4 Qxd4
9.Nxd4 Nxe4 10.Nxe4 Bxd4 11.O-O-O Nc6 12.Bd5 Bb6 13.Rhe1 Be6 14.Bxe6 fxe6
15.Bh6 Rd8 16.f3 e5 17.Rxd8+ Kxd8 18.Ng5 Kd7 19.Bg7 Rc8 20.Nxh7 Bd4 21.Kb1 Rg8
22.Nf8+ Kd6 23.Bh6 Nd8 24.f4 Nf7 25.fxe5+ Kd5 26.Bd2 Rxf8 27.Rf1 Ke6 {#R} 0-1

[Event "It (open)"]
[Site "masterchessopen.com Orange (France)"]
[Round "4"]
[White "Lukasiewicz Grzegorz (POL)"]
[Black "Petre Nad-Titus (ROM)"]
[Result "1-0"]
[WhiteElo "2265"]
[BlackElo "2345"]

1.d4 Nf6 2.Nf3 g6 3.c4 Bg7 4.Nc3 d5 5.Bg5 Ne4 6.cxd5 Nxg5 7.Nxg5 e6 8.Qd2 Bh6
9.f4 exd5 10.Qe3+ Kf8 11.g3 Kg7 12.h4 Re8 13.Qd2 Bg4 14.Bh3 Qd7 15.O-O-O Bxh3
16.Nxh3 b5 17.e4 dxe4 18.Rde1 f5 19.d5 Kg8 20.h5 b4 21.Nd1 c6 22.Ne3 Rd8
23.hxg6 hxg6 24.Qh2 cxd5 25.Ng5 Bxg5 26.Qh8+ {#r} 1-0

[Event "Ch Argentina"]
[Site "masterchessopen.com San Luis (Argentina)"]
[Round "12"]
[White "Iglesias Alejandro (ARG)"]
[Black "Boissonet Carlos P (ARG)"]
[Result "0-1"]
[WhiteElo "2244"]
[BlackElo "2430"]

1.d4 Nf6 2.c4 g6 3.Nc3 d5 4.Nf3 Bg7 5.Bg5 Ne4 6.cxd5 Nxg5 7.Nxg5 c6 8.e3 O-O
9.h4 cxd5 10.h5 e5 11.Nxh7 Kxh7 12.hxg6+ Kg8 13.dxe5 fxg6 14.Qc2 Nc6 15.O-O-O
Nxe5 16.Rxd5 Qf6 17.f4 Nf7 18.Bd3 Be6 19.Bxg6 Rfc8 20.Bxf7+ Bxf7 21.Rg5 Rc6
22.Kb1 Bg6 23.e4 Qxf4 24.Rxg6 Rxg6 25.e5 Rh6 26.Re1 Re8 27.Nd5 Qg3 28.Qd2 Rhe6
{#R} 0-1

[Event "It (open)"]
[Site "masterchessopen.com Adelaide (Australia)"]
[Round "0"]
[White "Wohlers-Armas Friederike (FRA)"]
[Black "Djuric Stefan (SRB)"]
[Result "0-1"]
[WhiteElo "2050"]
[BlackElo "2540"]

1.d4 Nf6 2.c4 g6 3.Nc3 d5 4.Nf3 Bg7 5.Bg5 Ne4 6.h4 c5 7.e3 cxd4 8.exd4 O-O
9.cxd5 Nxc3 10.bxc3 Qxd5 11.Be2 Nc6 12.Kf1 Bg4 13.Qb3 Qd7 14.Rd1 Rac8 15.Qa3
e6 16.g3 e5 17.Kg2 e4 18.Ng1 Rfe8 19.Bxg4 Qxg4 20.Re1 b5 21.f3 Qf5 22.Qa6 Nxd4
23.fxe4 Rxe4 24.Rf1 Qd5 25.Qxc8+ Re8+ 26.Nf3 Rxc8 27.cxd4 Rc2+ 28.Rf2 Rxf2+
{#R} 0-1

[Event "Spartakiada URS (w)"]
[Site "masterchessopen.com Azov (Russia)"]
[Round "3"]
[White "Zagorskaya Tatiana (BLR)"]
[Black "Saidova T (AZE)"]
[Result "0-1"]
[WhiteElo "2155"]
[BlackElo "2050"]

1.d4 Nf6 2.c4 g6 3.Nc3 d5 4.Nf3 Bg7 5.Bg5 Ne4 6.cxd5 Nxc3 7.bxc3 Qxd5 8.e3 Qa5
9.Qd2 c5 10.Rb1 a6 11.Be2 h6 12.Bf4 Nc6 13.O-O O-O 14.d5 Rd8 15.c4 Qxd2
16.Nxd2 e5 17.Bg3 Ne7 18.Rb6 Nf5 19.Ne4 Nxg3 20.fxg3 Bf8 21.g4 Be7 22.Rd1 Rd7
23.Rb3 f5 24.d6 fxe4 25.dxe7 Rxd1+ 26.Bxd1 Kf7 27.Rb6 {#R} 0-1

[Event "Ch Pan-American"]
[Site "masterchessopen.com Bariloche (Argentina)"]
[Round "4"]
[White "Silva Sebastain (CHI)"]
[Black "Hernandez Gustavo (DOM)"]
[Result "0-1"]
[WhiteElo "2320"]
[BlackElo "2348"]

1.d4 Nf6 2.Nf3 g6 3.c4 Bg7 4.Nc3 d5 5.Bg5 Ne4 6.cxd5 Nxg5 7.Nxg5 e6 8.Qd2 exd5
9.Qe3+ Kf8 10.g3 Bf6 11.f4 c5 12.O-O-O Nc6 13.Nf3 cxd4 14.Nxd4 Nxd4 15.Rxd4
Qb6 16.Rd3 Qxe3+ 17.Rxe3 d4 18.Nd5 dxe3 19.Nxf6 Bf5 20.b3 Kg7 {#R} 0-1

[Event "It (open)"]
[Site "masterchessopen.com Biel (Switzerland)"]
[Round "0"]
[White "Sutter Oliver (SUI)"]
[Black "Luecke Norbert (GER)"]
[Result "0-1"]
[WhiteElo "2354"]
[BlackElo "2353"]

1.d4 Nf6 2.c4 g6 3.Nc3 d5 4.Nf3 Bg7 5.Bg5 dxc4 6.e4 c5 7.d5 b5 8.e5 b4 9.exf6
exf6 10.Bd2 bxc3 11.Bxc3 O-O 12.Bxc4 Re8+ 13.Kf1 Nd7 14.Qd2 Nb6 15.Bb5 Bd7
16.Be2 Qe7 17.Re1 Qd6 18.Rd1 a6 19.Ne1 Bb5 20.Bxb5 axb5 21.b3 Red8 {#R} 0-1

[Event "Cup Doeberl"]
[Site "masterchessopen.com Canberra (Australia)"]
[Round "3"]
[White "Van Der Sterren Paul (NED)"]
[Black "Michelakis George (RSA)"]
[Result "1-0"]
[WhiteElo "2475"]
[BlackElo "2425"]

1.d4 Nf6 2.c4 g6 3.Nc3 d5 4.Nf3 Bg7 5.Bg5 Ne4 6.Bh4 Nxc3 7.bxc3 c5 8.e3 Nc6
9.cxd5 Qxd5 10.Be2 O-O 11.O-O b6 12.Qb3 Qxb3 13.axb3 e6 14.Nd2 Bd7 15.Bf3 Rfc8
16.Nc4 b5 17.Nd6 Rcb8 18.Ra6 Rb6 19.Rfa1 Rab8 20.dxc5 {#r} 1-0

[Event "It (open)"]
[Site "masterchessopen.com Copenhagen (Denmark)"]
[Round "25"]
[White "Renman Nils-Gustaf (SWE)"]
[Black "Svidler Peter (RUS)"]
[Result "0-1"]
[WhiteElo "2371"]
[BlackElo "2740"]

1.d4 Nf6 2.Nf3 g6 3.c4 Bg7 4.Nc3 d5 5.Bg5 Ne4 6.cxd5 Nxg5 7.Nxg5 e6 8.Qd2 h6
9.Nh3 exd5 10.Nf4 O-O 11.e3 c5 12.dxc5 d4 13.exd4 Qxd4 14.Qxd4 Bxd4 15.Bc4
Re8+ 16.Kd2 Na6 17.Rae1 Rd8 18.Kc1 Kf8 19.Rd1 Bg4 20.f3 Be3+ 21.Kb1 Bf5+
22.Nd3 Nxc5 23.Kc2 h5 24.Rhe1 Rd4 25.b3 Bh6 26.Ne2 Rad8 27.Nc1 Bxc1 28.Kxc1
Nxd3+ {#R} 0-1

[Event "It (open)"]
[Site "masterchessopen.com Dortmund (Germany)"]
[Round "5"]
[White "Halasz Tamas (HUN)"]
[Black "Dvoirys Semen I (RUS)"]
[Result "0-1"]
[WhiteElo "2400"]
[BlackElo "2525"]

1.d4 Nf6 2.Nf3 g6 3.c4 Bg7 4.Nc3 d5 5.Bg5 Ne4 6.cxd5 Nxg5 7.Nxg5 e6 8.Qd2 h6
9.Nh3 exd5 10.Qe3+ Kf8 11.Nf4 c5 12.dxc5 d4 13.Qd2 Nd7 14.Ne4 Qe7 15.Qc2 b6
16.c6 Ne5 17.Nd5 Qd8 18.Nb4 Bf5 19.c7 Qh4 20.Rc1 Rc8 21.Nd6 Bxc2 22.Nxc8 d3
23.Nxc2 dxc2 24.Rxc2 Qb4+ 25.Kd1 Nc4 26.e3 Nxb2+ {#R} 0-1

[Event "It (open)"]
[Site "masterchessopen.com Eger (Hungary)"]
[Round "0"]
[White "Kecskes Gabor (HUN)"]
[Black "Schiller Petter (SWE)"]
[Result "0-1"]
[WhiteElo "2156"]
[BlackElo "2280"]

1.d4 Nf6 2.c4 g6 3.Nc3 d5 4.Nf3 Bg7 5.Bg5 Ne4 6.cxd5 Nxg5 7.Nxg5 e6 8.Qd2 exd5
9.Qe3+ Kf8 10.g3 Bf6 11.f4 c5 12.Rd1 cxd4 13.Rxd4 Qb6 14.Nxd5 Qxd4 15.Qxd4
Bxd4 16.Nc7 Na6 17.Nxa8 Kg7 18.e4 Bd7 19.Bxa6 bxa6 {#R} 0-1

[Event "Ch France (team)"]
[Site "masterchessopen.com France"]
[Round "0"]
[White "Passager Jean-Pierre (FRA)"]
[Black "Zarrouati Pierre (FRA)"]
[Result "0-1"]
[WhiteElo "2209"]
[BlackElo "2129"]

1.d4 Nf6 2.Nf3 g6 3.c4 Bg7 4.Nc3 d5 5.Bg5 Ne4 6.Bh4 Nxc3 7.bxc3 c5 8.e3 Nc6
9.Be2 O-O 10.Rb1 a6 11.O-O dxc4 12.dxc5 Qa5 13.Nd4 Qxc5 14.Nxc6 bxc6 15.Qa4
Bf5 16.Rb7 Rfb8 17.Bxe7 Qe5 18.Rxb8+ Rxb8 19.Bh4 Bd3 20.Bxd3 cxd3 21.Bg3 Qb5
22.Qe4 Rd8 23.Bc7 d2 24.c4 Qa4 25.Bxd8 d1=Q 26.Qe8+ Bf8 {#R} 0-1

[Event "It (open)"]
[Site "masterchessopen.com Groningen (Netherlands)"]
[Round "8"]
[White "Nicoara Malina (FRA)"]
[Black "Voekler Bernd (GER)"]
[Result "1-0"]
[WhiteElo "2120"]
[BlackElo "2370"]

1.d4 Nf6 2.c4 g6 3.Nc3 d5 4.Nf3 Bg7 5.Bg5 Ne4 6.cxd5 Nxg5 7.Nxg5 c6 8.dxc6
Nxc6 9.e3 e5 10.d5 Qxg5 11.dxc6 O-O 12.h4 Qe7 13.Nd5 Qd6 14.c7 Be6 {#r} 1-0

[Event "It (open)"]
[Site "masterchessopen.com Kavala (Greece)"]
[Round "0"]
[White "Grivas Efstratios (GRE)"]
[Black "Kaminellis Estratios (GRE)"]
[Result "1-0"]
[WhiteElo "2425"]
[BlackElo "2019"]

1.d4 Nf6 2.c4 g6 3.Nc3 d5 4.Nf3 Bg7 5.Bg5 Ne4 6.Bh4 Nxc3 7.bxc3 c5 8.cxd5 Qxd5
9.e3 cxd4 10.cxd4 Nc6 11.Be2 O-O 12.O-O Bg4 13.h3 Bf5 14.Nd2 e5 15.Bf3 Qd7
16.d5 e4 17.dxc6 bxc6 18.Nxe4 Bxa1 19.Qxa1 Bxe4 20.Bxe4 Qe6 21.Bf3 Rab8 22.Rc1
Rb6 23.Be2 Rfb8 24.Bf6 Qf5 25.e4 Qc8 26.Bh8 Qf8 27.Bd4 R6b7 28.Be5 {#r} 1-0

[Event "It"]
[Site "masterchessopen.com Lippstadt (Germany)"]
[Round "0"]
[White "Groszpeter Attila (HUN)"]
[Black "Chabanon Jean-Luc (FRA)"]
[Result "1-0"]
[WhiteElo "2521"]
[BlackElo "2481"]

1.d4 Nf6 2.c4 g6 3.Nc3 d5 4.Nf3 Bg7 5.Bg5 Ne4 6.Bh4 Nxc3 7.bxc3 dxc4 8.e3 Be6
9.Qb1 b6 10.Ng5 Bd5 11.e4 f6 12.Nf3 Bf7 13.Nd2 c5 14.Qb5+ Qd7 15.Bxc4 cxd4
16.cxd4 O-O 17.Bxf7+ Kxf7 18.Qc4+ e6 19.Rc1 Rd8 20.Nf3 b5 21.Qb3 Nc6 22.Rd1 g5
23.Bxg5 fxg5 24.Nxg5+ Ke7 25.d5 exd5 26.Rxd5 Qg4 27.h3 Qxg2 28.Re5+ {#r} 1-0

[Event "It"]
[Site "masterchessopen.com Ptuj (Slovenia)"]
[Round "7"]
[White "Polajzer Danilo (SLO)"]
[Black "Zlatilov Ivailo (BUL)"]
[Result "1-0"]
[WhiteElo "2293"]
[BlackElo "2382"]

1.d4 Nf6 2.c4 g6 3.Nc3 d5 4.Nf3 Bg7 5.Bg5 Ne4 6.cxd5 Nxg5 7.Nxg5 e6 8.Qd2 exd5
9.Qe3+ Kf8 10.Qf4 Bf6 11.h4 Kg7 12.e4 dxe4 13.Bc4 Rf8 14.O-O-O Nd7 15.Ncxe4 h6
16.g4 hxg5 17.hxg5 Be7 18.Rh7+ Kxh7 19.Qh2+ Kg8 20.Qh6 Bxg5+ 21.Nxg5 Nf6
22.Qxg6+ {#r} 1-0

[Event "Ch Baden-Wuerttemberg"]
[Site "masterchessopen.com Stuttgart (Germany)"]
[Round "1"]
[White "Eberlein Wolfgang (GER)"]
[Black "Dolgener Tobias (GER)"]
[Result "1-0"]
[WhiteElo "2222"]
[BlackElo "2257"]

1.d4 Nf6 2.c4 g6 3.Nc3 d5 4.Nf3 Bg7 5.Bg5 Ne4 6.Bf4 Nxc3 7.bxc3 c5 8.e3 Nc6
9.Rc1 cxd4 10.cxd4 O-O 11.Qd2 Be6 12.Ng5 Bf5 13.cxd5 Qxd5 14.e4 Bxe4 15.Rc5
Bxg2 16.Rxd5 Bxd5 17.Rg1 Nxd4 18.Be3 e5 19.Rg3 Rac8 20.Bd3 f5 21.Bxd4 exd4
22.Qa5 Rfe8+ 23.Kd2 Red8 24.f4 Bf8 25.Bxf5 b6 26.Qxa7 Ra8 27.Qxh7# 1-0